00342nam a2200145Ia 4500008004100000020001800041041000800059082001500067100001700082245003400099260002300133300000700156365001600163700001700179230718s9999 xx 000 0 und d a9789350234051 aeng a006.3bRUS aRussell M.A. a21 Recipes For Mining Twitter c2011bO'reilly/SPD a60 cRs.b150.00 aRussell M.A.